Mitglieder des Commonwealth - Sudden Death #2 - Statistiken

Allgemein
  • Dieses Quiz wurde 72 mal gespielt
  • Das Durchschnittsergebnis liegt bei 6 aus 14
Answers on the Grid
Answers color-coded by a green-red scale on the quiz's grid according to % correct below.
Gambia🇬🇲
Dominica🇩🇲
Fidschi🇫🇯
Mauritius🇲🇺
Malta🇲🇹
Zypern🇨🇾
Uganda🇺🇬
Seychellen🇸🇨
St. Kitts🇰🇳
Bahamas🇧🇸
Belize🇧🇿
Namibia🇳🇦
Kenia🇰🇪
Papua-Neuguinea🇵🇬
Komoren🇰🇲
São Tomé🇸🇹
Kap Verde🇨🇻
Albanien🇦🇱
Südsudan🇸🇸
Äquatorialguinea🇬🇶
Senegal🇸🇳
Benin🇧🇯
Liberia🇱🇷
Taiwan🇹🇼
Chile🇨🇱
USA🇺🇸
Vietnam🇻🇳
Tadschikistan🇹🇯
 
Antwortstatistiken
Antwort % Korrekt
Fidschi🇫🇯
59%
Kenia🇰🇪
59%
Bahamas🇧🇸
53%
Malta🇲🇹
53%
Namibia🇳🇦
53%
Seychellen🇸🇨
53%
St. Kitts🇰🇳
53%
Mauritius🇲🇺
47%
Gambia🇬🇲
41%
Zypern🇨🇾
41%
Belize🇧🇿
35%
Dominica🇩🇲
35%
Papua-Neuguinea🇵🇬
29%
Uganda🇺🇬
29%
Keine übereinstimmenden Quizze gefunden
Verteilung der Resultate
Anzahl Personen mit jedem Resultat
Perzentil nach korrekt beantworteten Fragen
Ihre Resultats-Entwicklung
Sie haben dieses Quiz noch nicht gespielt